| 000 | 00548nam a2200193 a 4500 | ||
|---|---|---|---|
| 001 | 2957 | ||
| 005 | 20140414132015.0 | ||
| 008 | 051130s19uu xx 00 eng d | ||
| 020 | _a0-439-34109-4 | ||
| 050 |
_aTR _bB63 2001 |
||
| 100 | _aInches, Alison | ||
| 245 |
_aBob's white christmas / _cadapted by Alison Inches ; illustrated by Mel Grant. |
||
| 260 |
_aNew York : _bScholastic, _c2001. |
||
| 300 | _a1 v. p. : ill. ; cm. | ||
| 440 | _aBob the builder | ||
| 650 |
_aChristmas _xFiction. |
||
| 650 | _aChildren stories. | ||
| 999 |
_c113344 _d113344 |
||